Alle heutigen Länder, die jemals von Arabern kontrolliert wurden - Statistiken

Allgemein
  • Dieses Quiz wurde 298 mal gespielt
  • Das Durchschnittsergebnis liegt bei 55 aus 63
Antworten auf der Karte
Die Antworten werden auf der Karte rot bzw. grün angezeigt, abhängig davon wie oft sie richtig erraten wurden.
 
Antwortstatistiken
Länder % Korrekt
Frankreich
98%
Marokko
98%
Portugal
98%
Spanien
98%
Ägypten
97%
Saudi-Arabien
97%
Türkei
97%
Algerien
96%
Irak
96%
Iran
96%
Italien
96%
Tunesien
96%
Andorra
95%
Israel
95%
Oman
95%
Syrien
95%
Afghanistan
94%
Jemen
94%
Libyen
94%
Zypern
94%
Jordanien
93%
Sudan
93%
Vereinigte Arabische Emirate
93%
Armenien
92%
Georgien
92%
Indien
92%
Katar
92%
Pakistan
92%
Turkmenistan
92%
Aserbaidschan
91%
Mali
91%
Südsudan
91%
Griechenland
90%
Kirgisistan
90%
Libanon
90%
Tadschikistan
90%
Kuwait
89%
Usbekistan
89%
Kasachstan
88%
Mauretanien
88%
Niger
86%
Nigeria
86%
Russland
86%
Tschad
86%
Bahrain
85%
Somalia
84%
Äthiopien
81%
Demokratische Republik Kongo
80%
Kenia
78%
Eritrea
77%
Kamerun
76%
Malta
76%
Tansania
76%
Mosambik
74%
Zentralafrikanische Republik
74%
Madagaskar
73%
Dschibuti
70%
Burkina Faso
66%
Komoren
66%
Benin
64%
Kroatien
64%
Burundi
56%
Sambia
56%
Keine übereinstimmenden Quizze gefunden
Verteilung der Resultate
Anzahl Personen mit jedem Resultat
Perzentil nach korrekt beantworteten Fragen
Ihre Resultats-Entwicklung
Sie haben dieses Quiz noch nicht gespielt